000 01261nam a2200349 i 4500
003 EG-GICUC
005 20260127151638.0
008 260127s2001 ua ||||fr|||| 00| 0 ara d
017 _a1997/3546
020 _a977041980X
040 _a EG-GICUC
_bara
_c EG-GICUC
_d EG-GICUC
_erda
041 0 _aara
082 0 4 _a343.425
_bط ا . ج
_221
092 0 4 _221
099 _aLaw1 10 343.425 ط ا . ج 2 ed - 2001 1006281
100 0 _aطارق سرور.
_eمؤلف.
245 1 0 _a جرائم النشر /
_cالدكتور طارق سرور.
250 _aالطبعة الثانية،
264 1 _aالقاهرة :
_bدار النهضة العربية،
_c2001.
300 _a426 صفحة ؛
_c24 سم.
_bإيضاحيات، صور، مثيليات ؛
336 _2rda content
_atext
337 _2rda media
_aComputer
338 _2rda carrier
_aOnline Resource
504 _aيشتمل على إرجاعات ببليوجرافية.
546 _aالنص باللغة العربية
650 1 4 _aالتشريعات المتعلقة بالصحافة.
_2qrmak
650 1 4 _aالقانون الجنائي.
_2qrmak
651 1 _2qrmak
856 4 0 _uhttps://fll.law.cu.edu.eg/fulltext/bks/B10-06281.pdf
905 _a18
942 _2ddc
_cBK
_e21
_n0
999 _c59625
_d59625